[Event "2011 SC Site Championship, Pre Round, Round 1"]
[Site "SchemingMind.com"]
[Date "2010.11.11"]
[Round "1"]
[White "PawnPusherPete"]
[Black "wilfried"]
[Result "0-1"]
[WhiteCountry "ENG"]
[BlackCountry "GER"]
[WhiteElo "2238"]
[WhiteRD "70"]
[BlackElo "2445"]
[BlackRD "116"]
[GameID "266002"]

1. e4 c5 2. Nf3 Nc6 3. Nc3 e5 4. Bc4 Be7 5. d3 Nf6 6. O-O d6 7. h3 O-O 8. Nd5 Na5 9. Nxf6+ Bxf6 10. Bd5 Be6
11. Be3 Qd7 12. c3 Rac8 13. Rc1 b5 14. Qe2 Nc6 15. Rfd1 Bxd5 16. exd5 Ne7 17. c4 bxc4 18. dxc4 Nf5 19. Nd2 Nd4 20. Qd3 Rb8
21. Ne4 Be7 22. Bxd4 cxd4 23. b3 f5 24. Nd2 Qc7 25. Rb1 Qc5 26. Nf1 g6 27. Ng3 Bf6 28. f3 Bg5 29. Kh1 Rf7 30. Re1 Qa3
31. Re2 a5 32. Qd1 h5 33. Nf1 h4 34. Reb2 Kg7 35. Rc2 a4 36. Nd2 Rc7 37. Rcb2 axb3 38. axb3 Qb4 39. Ra2 Bxd2 40. Rxd2 Rxc4
41. Ra2 Rc7 42. Ra4 Qc3 43. Ra6 d3 44. Rxd6 d2 45. Qe2 Rxb3 46. Rd1 Qe3 47. Qxe3 Rxe3 48. Rxd2 Rc1+ 49. Kh2 f4 50. Rc6 Rf1
0-1

[Event "2011 SC Site Championship, Pre Round, Round 1"]
[Site "SchemingMind.com"]
[Date "2010.11.06"]
[Round "1"]
[White "pclaxton"]
[Black "Abacist"]
[Result "0-1"]
[WhiteCountry "ENG"]
[BlackCountry "USA"]
[WhiteElo "1300"]
[WhiteRD "64"]
[BlackElo "1595"]
[BlackRD "272"]
[GameID "266003"]

1. e4 e5 2. f3 Nf6 3. d4 exd4 4. Qxd4 Nc6 5. Qc4 Be7 6. Bg5 O-O 7. Qd3 h6 8. Bxf6 Bxf6 9. g3 Bxb2 10. g4 Bxa1
11. Nh3 Bd4 12. c3 Bb6 13. Nf4 Ne5 14. Qe2 d6 15. Bh3 Be6 16. Rg1 Bxg1 17. Qb5 Bc4 18. Qxb7 Rb8 19. Qxb8 Qxb8 20. Nd2 Qb2
21. Nd5 Qc1#
0-1

[Event "2011 SC Site Championship, Pre Round, Round 1"]
[Site "SchemingMind.com"]
[Date "2010.11.07"]
[Round "1"]
[White "pjl1015"]
[Black "JPT"]
[Result "1-0"]
[WhiteCountry "USA"]
[BlackCountry "INT"]
[WhiteElo "2510"]
[WhiteRD "108"]
[BlackElo "1859"]
[BlackRD "93"]
[GameID "266004"]

1. d4 f5 2. Bg5 Nf6 3. Bxf6 exf6 4. e3 d5 5. Nh3 Be6 6. Nf4 Bf7 7. Nd2 Nd7 8. c4 c6 9. cxd5 cxd5 10. Bd3 g6
11. O-O Bg7 12. Nb1 O-O 13. Nc3 Nb6 14. Qf3 Qd6 15. Rac1 Rfd8 16. Nb5 Qb4 17. Rc7 Rd7 18. Rxd7 Nxd7 19. Nxd5 Qxb2 20. Ne7+ Kf8
21. Qxb7 Nb6 22. Nc7 Rd8 23. Nc6 Rc8 24. Nxa7 Rxc7 25. Qb8+ Ke7 26. Qxc7+ Kf8 27. Rb1 Qa3 28. Rxb6 Qxd3 29. Rb8+ Be8 30. Qd6+ Kf7
31. Rb7+
1-0

[Event "2011 SC Site Championship, Pre Round, Round 1"]
[Site "SchemingMind.com"]
[Date "2010.11.11"]
[Round "1"]
[White "Quaff"]
[Black "The Capitalist"]
[Result "1-0"]
[WhiteCountry "ENG"]
[BlackCountry "USA"]
[WhiteElo "1693"]
[WhiteRD "91"]
[BlackElo "1432"]
[BlackRD "71"]
[GameID "266005"]

1. e4 c6 2. f4 d5 3. e5 Bf5 4. Nf3 e6 5. Be2 Nd7 6. d3 Be7 7. O-O Nh6 8. h3 O-O 9. Nh2 Qb6+ 10. Kh1 Bc5
11. a3 f6 12. b4 Be7 13. Nc3 a6 14. Na4 Qc7 15. Ng4 Nxg4 16. Bxg4 Bxg4 17. Qxg4 f5 18. Qe2 b5 19. Nc3 c5 20. Na2 cxb4
21. axb4 a5 22. bxa5 Rxa5 23. Bb2 g6 24. Nc3 Rfa8 25. Nxb5 Qb6 26. c4 dxc4 27. dxc4 Rxa1 28. Rxa1 Rxa1+ 29. Bxa1 Qa5 30. Bd4 h5
31. Qb2 Qe1+ 32. Kh2 Bh4 33. Qc3 Qxc3 34. Bxc3 Kf7 35. g3 Be7 36. Bd4 g5 37. Kg2 gxf4 38. gxf4 Kg6 39. Kf3 h4 40. Nc7 Bc5
41. Ke3 Bxd4+ 42. Kxd4 Kf7 43. c5 Ke7 44. c6 Nb8 45. Kc5 Kd8 46. Nxe6+ Kc8 47. Nd4 Kc7 48. Nxf5 Na6+ 49. Kd5 Nb4+ 50. Ke4 Nxc6
51. Nxh4 Kd7 52. Kf5 Ke7 53. Ng6+ Kf7 54. h4 Nd4+ 55. Ke4 Ne6 56. f5 Nc5+ 57. Kd5 Nd3 58. h5 Nb4+ 59. Ke4 Nc6 60. h6 Kg8
61. f6 Nd8 62. Kf5 Nf7 63. Ne7+ Kf8 64. h7 Nh6+ 65. Kg6 Nf7 66. e6 Nh8+ 67. Kh6 Ke8 68. Kg7
1-0

[Event "2011 SC Site Championship, Pre Round, Round 1"]
[Site "SchemingMind.com"]
[Date "2010.11.11"]
[Round "1"]
[White "Quirine"]
[Black "Andreas Flato"]
[Result "1-0"]
[WhiteCountry "NED"]
[BlackCountry "GER"]
[WhiteElo "1952"]
[WhiteRD "85"]
[BlackElo "1790"]
[BlackRD "74"]
[GameID "266006"]

1. d4 e6 2. Nf3 f5 3. g3 Nf6 4. Bg2 h6 5. Ne5 d6 6. Ng6 Rg8 7. c4 Bd7 8. Nc3 Nc6 9. O-O Ne7 10. Nxf8 Kxf8
11. e4 g5 12. exf5 exf5 13. Re1 c6 14. b3 Ng6 15. Ba3 Qc7 16. Bh3 g4 17. Bg2 h5 18. Qd2 Rh8 19. Qg5 Kf7 20. Bf1 Rae8
21. Bd3 h4 22. Bxf5 Bxf5 23. Qxf5 hxg3 24. fxg3 Rh5 25. Qc2 Reh8 26. Re2 a6 27. Rf1 Qd7 28. Ne4
1-0

[Event "2011 SC Site Championship, Pre Round, Round 1"]
[Site "SchemingMind.com"]
[Date "2010.11.06"]
[Round "1"]
[White "Raimondi"]
[Black "Zerstörer"]
[Result "0-1"]
[WhiteCountry "PER"]
[BlackCountry "ITA"]
[WhiteElo "1646"]
[WhiteRD "87"]
[BlackElo "1890"]
[BlackRD "95"]
[GameID "266007"]

1. e4 c5 2. Nf3 g6 3. d4 cxd4 4. Nxd4 Nc6 5. c4 Bg7 6. Be3 Nf6 7. Nc3 O-O 8. Be2 d6 9. O-O Bd7 10. Qd2 Nxd4
11. Bxd4 Bc6 12. Bd3 Rc8 13. Rac1 Nd7 14. Be2 Bxd4 15. Qxd4 Qb6 16. Qd2 Nf6 17. Nd5 Bxd5 18. exd5 Rc7 19. Rc2 Rfc8 20. b3 a6
21. Re1 Qc5 22. Bf3 b5 23. Rec1 bxc4 24. bxc4 a5 25. Qf4 Rb8 26. h4 Rcb7 27. h5 Rb1 28. hxg6 hxg6 29. Rxb1 Rxb1+ 30. Kh2 a4
31. Qd2 Nd7 32. Be4 Ne5 33. Bd3 a3 34. Qe2 Nxd3 35. Qxd3 Rb2 36. Rxb2 axb2
0-1

[Event "2011 SC Site Championship, Pre Round, Round 1"]
[Site "SchemingMind.com"]
[Date "2010.11.11"]
[Round "1"]
[White "reptile"]
[Black "Number34"]
[Result "0-1"]
[WhiteCountry "ISR"]
[BlackCountry "USA"]
[WhiteElo "2019"]
[WhiteRD "81"]
[BlackElo "2358"]
[BlackRD "73"]
[GameID "266008"]

1. d4 Nf6 2. c4 g6 3. Nf3 Bg7 4. Nc3 d6 5. e3 O-O 6. Be2 Nbd7 7. O-O e5 8. Qc2 Re8 9. dxe5 Nxe5 10. Bd2 Bf5
11. e4 Nxe4 12. Nxe4 Bxe4 13. Qxe4 Nd7 14. Qxb7 Rb8 15. Qxa7 Nc5 16. Qa5 Rxe2 17. Rfe1 Rxe1+ 18. Rxe1 Rxb2 19. Be3 Ne6 20. h3 Qb8
21. Rc1 Bf6 22. Kh2 Kg7 23. c5 Nxc5 24. Bxc5 dxc5 25. Kg1 Qb6 26. Qxc5 Rxa2 27. Qxb6 cxb6 28. Rb1 Bb2 29. g4 b5 30. Rd1 b4
31. Rd7 Bc3 32. Rb7 h6 33. h4 Ra3 34. Kg2 b3 35. h5 gxh5 36. g5 b2 37. gxh6+ Kxh6 38. Rb6+ f6
0-1

[Event "2011 SC Site Championship, Pre Round, Round 1"]
[Site "SchemingMind.com"]
[Date "2010.11.10"]
[Round "1"]
[White "robertoi72"]
[Black "roscoe"]
[Result "1-0"]
[WhiteCountry "ITA"]
[BlackCountry "USA"]
[WhiteElo "1887"]
[WhiteRD "105"]
[BlackElo "1437"]
[BlackRD "91"]
[GameID "266009"]

1. d4 d5 2. c4 Nf6 3. Nf3 h6 4. cxd5 Nxd5 5. e4 Nb6 6. Bb5+ c6 7. Be2 e6 8. Qb3 Be7 9. Nc3 O-O 10. O-O Na6
11. Bf4 c5 12. Rfd1 Nd7 13. Nb5 b6 14. d5 Kh7 15. d6 Bxd6 16. Nxd6 Qf6 17. Nxc8 Rfxc8 18. Bxa6 Qxf4 19. Bxc8 Nf6 20. Bb7 Rb8
21. Bc6 Qc7 22. Bb5
1-0

[Event "2011 SC Site Championship, Pre Round, Round 1"]
[Site "SchemingMind.com"]
[Date "2010.11.10"]
[Round "1"]
[White "roscoe"]
[Black "lemme howdt"]
[Result "0-1"]
[WhiteCountry "USA"]
[BlackCountry "USA"]
[WhiteElo "1439"]
[WhiteRD "93"]
[BlackElo "1599"]
[BlackRD "76"]
[GameID "266010"]

1. Nf3 Nc6 2. d4 d5 3. g3 Bg4 4. Bg2 Nf6 5. O-O e6 6. Ne5 Nxe5 7. dxe5 Nd7 8. Re1 Nxe5 9. Nd2 Bc5 10. Rf1 Qf6
11. Qe1 Bf5 12. e3 Bxc2 13. f4 Nd3 14. Qe2 O-O-O 15. Nb3 Nb4 16. Nxc5 b6 17. Na6 Bd3 18. Qd2 Bxa6 19. Rd1 c5 20. Bf1 Bb7
21. a3 Nc6 22. Rb1 d4 23. Qf2 dxe3 24. Bxe3 Rxd1 25. Rxd1 Rd8 26. Rxd8+ Kxd8 27. Qd2+ Ke7 28. b4 cxb4 29. axb4 e5 30. Bh3 Qd6
31. fxe5 Nxe5 32. Bg2 Bxg2 33. Kxg2 Qxd2+ 34. Bxd2 Kd6 35. Bf4 Kd5 36. h4 Nd3 37. Bd2 Kc4 38. Kf3 Nxb4 39. Ke3 a5 40. Bc1 Nd5+
41. Kd2 b5 42. Kc2 h6 43. Kb2 b4 44. Bd2 a4 45. Ka2 Nc3+ 46. Ka1 a3 47. Bf4 b3
0-1

[Event "2011 SC Site Championship, Pre Round, Round 1"]
[Site "SchemingMind.com"]
[Date "2010.11.11"]
[Round "1"]
[White "saxon"]
[Black "spoke"]
[Result "1-0"]
[WhiteCountry "GER"]
[BlackCountry "GER"]
[WhiteElo "2438"]
[WhiteRD "112"]
[BlackElo "1686"]
[BlackRD "66"]
[GameID "266011"]

1. d4 Nf6 2. c4 e6 3. Nf3 d5 4. g3 Be7 5. Bg2 O-O 6. O-O c6 7. Qc2 dxc4 8. Qxc4 Nbd7 9. Rd1 Qc7 10. Qc2 e5
11. Nc3 exd4 12. Bf4 Bd6 13. Nb5 cxb5 14. Qxc7 Bxc7 15. Bxc7 Nc5 16. Bd6 Ne6 17. Bxf8 Kxf8 18. Nxd4
1-0

[Event "2011 SC Site Championship, Pre Round, Round 1"]
[Site "SchemingMind.com"]
[Date "2010.11.06"]
[Round "1"]
[White "sdreichert"]
[Black "Granny Gambit"]
[Result "0-1"]
[WhiteCountry "USA"]
[BlackCountry "ENG"]
[WhiteElo "1478"]
[WhiteRD "131"]
[BlackElo "2022"]
[BlackRD "85"]
[GameID "266012"]

1. d4 Nf6 2. b3 d5 3. Bb2 c5 4. dxc5 e6 5. e3 Bxc5 6. Nf3 O-O 7. Ne5 Bb4+ 8. Nd2 Ne4 9. Bd3 Bxd2+ 10. Qxd2 Nxd2
11. Kxd2 Nd7 12. Nf3 Qc7 13. Rae1 e5 14. e4 d4 15. Kc1 Nc5 16. Bc4 Be6 17. Nxe5 Qxe5
0-1

[Event "2011 SC Site Championship, Pre Round, Round 1"]
[Site "SchemingMind.com"]
[Date "2010.11.06"]
[Round "1"]
[White "sibelius"]
[Black "GM Mark"]
[Result "0-1"]
[WhiteCountry "USA"]
[BlackCountry "ENG"]
[WhiteElo "2316"]
[WhiteRD "78"]
[BlackElo "2548"]
[BlackRD "201"]
[GameID "266013"]

1. e4 c5 2. Nc3 d6 3. f4 Nc6 4. Nf3 g6 5. d4 cxd4 6. Nxd4 Bg7 7. Be3 Nf6 8. Bb5 O-O 9. Be2 Qb6 10. Nxc6 Qxe3
11. Nxe7+ Kh8 12. Qd2 Qb6 13. O-O-O Nxe4 14. Ned5 Nxd2 15. Nxb6 axb6 16. Rxd2 Bxc3 17. bxc3 Rxa2 18. Rhd1 Re8 19. Kb1 Ra5 20. Bf3 Bf5
21. Rxd6 Re3 22. Rxb6 Rxc3 23. Rd2 Rac5 24. Rxb7 R3c4 25. g3 Rxc2 26. Rxc2 Bxc2+ 27. Kb2 Bf5 28. Kb3 Be6+ 29. Kb2 Kg7 30. Bd1 Ra5
31. Bb3 Bxb3 32. Rxb3 Rh5 33. h4 Kf6 34. Kc3 Kf5 35. Kd2 f6 36. Ke3 Kg4 37. Rb6 Kxg3 38. Rxf6 Rxh4 39. Rf7 h5 40. f5 g5
41. Rg7 g4 42. f6 Rh2 43. Rh7 h4 44. Rg7 Rc2 45. f7 Rc3+ 46. Kd2 Rf3 47. Ke1 h3
0-1

[Event "2011 SC Site Championship, Pre Round, Round 1"]
[Site "SchemingMind.com"]
[Date "2010.11.06"]
[Round "1"]
[White "simon_w"]
[Black "Tanis"]
[Result "0-1"]
[WhiteCountry "IRL"]
[BlackCountry "CHN"]
[WhiteElo "1874"]
[WhiteRD "79"]
[BlackElo "2042"]
[BlackRD "81"]
[GameID "266014"]

1. e4 e6 2. d4 d5 3. Nd2 c5 4. Ngf3 Nf6 5. e5 Nfd7 6. c3 Nc6 7. Bd3 Qb6 8. O-O cxd4 9. cxd4 Nxd4 10. Nxd4 Qxd4
11. Nf3 Qb6 12. Rb1 f6 13. Re1 Bc5 14. Be3 O-O 15. Qc2 f5 16. b4 Bxe3 17. Rxe3 Rd8 18. a4 a5 19. bxa5 Qxa5 20. Bb5 Nf8
21. Reb3 Bd7 22. Bxd7 Rxd7 23. Rb4 Rc7 24. Qb2 Nd7 25. Rxb7 Rxb7 26. Qxb7 Qxa4 27. Ng5 h6 28. Nxe6 Rb8
0-1

[Event "2011 SC Site Championship, Pre Round, Round 1"]
[Site "SchemingMind.com"]
[Date "2010.11.08"]
[Round "1"]
[White "soundso"]
[Black "mikewharvey"]
[Result "1/2-1/2"]
[WhiteCountry "USA"]
[BlackCountry "GBR"]
[WhiteElo "1863"]
[WhiteRD "87"]
[BlackElo "1829"]
[BlackRD "99"]
[GameID "266015"]

1. f4 Nf6 2. Nf3 d6 3. g3 g6 4. b3 Bg7 5. Bg2 Nd5 6. c3 Nb4 7. d4 Nd5 8. O-O Bg4 9. e4 Nb6 10. Qd3 N8d7
11. f5 gxf5 12. exf5 c6 13. Bf4 Nd5 14. Bxd6 exd6 15. Re1+ Ne7 16. Qe4 Bxf3 17. Bxf3 Bf6 18. Qg4 h5 19. Qf4 Qc7 20. Nd2 O-O-O
21. Ne4 Nd5 22. Qxd6 Be7 23. Qxc7+ Kxc7 24. Rac1 N7f6 25. Ng5 Rdf8 26. c4 Ng4 27. Nh3 Nde3 28. Bxg4 hxg4 29. Rxe3 Ba3 30. Rb1 Rxh3
31. b4 Rfh8 32. Rxa3 Rxh2 33. Rbb3 Rc2 34. c5 Rhh2 35. Rxa7 Rhd2 36. Rb1 Rg2+ 37. Kh1 Rh2+ 38. Kg1 Rcg2+ 39. Kf1 Rc2 40. Kg1 Rcg2+
41. Kf1 Rf2+ 42. Kg1=
1/2-1/2

[Event "2011 SC Site Championship, Pre Round, Round 1"]
[Site "SchemingMind.com"]
[Date "2010.11.06"]
[Round "1"]
[White "SpeedRacer"]
[Black "madrugada"]
[Result "1/2-1/2"]
[WhiteCountry "USA"]
[BlackCountry "BEL"]
[WhiteElo "1680"]
[WhiteRD "134"]
[BlackElo "1856"]
[BlackRD "91"]
[GameID "266016"]

1. e4 e5 2. Nf3 d6 3. d4 exd4 4. Nxd4 Nf6 5. Nc3 Be7 6. Bc4 O-O 7. O-O Nxe4 8. Nxe4 d5 9. Bd3 dxe4 10. Bxe4 Nd7
11. Re1 Nf6 12. Bf5 Bc5 13. Bxc8 Rxc8 14. c3 Bxd4 15. Qxd4 Qxd4 16. cxd4 Rcd8 17. Be3 Ng4 18. Rac1 Nxe3 19. fxe3 c6 20. b4 Rfe8
21. a4 Kf8 22. b5 cxb5 23. axb5 a5 24. bxa6 bxa6 25. Ra1 Ra8 26. e4 f6=
1/2-1/2

[Event "2011 SC Site Championship, Pre Round, Round 1"]
[Site "SchemingMind.com"]
[Date "2010.11.07"]
[Round "1"]
[White "spoke"]
[Black "Mark_Noble"]
[Result "0-1"]
[WhiteCountry "GER"]
[BlackCountry "NZL"]
[WhiteElo "1686"]
[WhiteRD "66"]
[BlackElo "2147"]
[BlackRD "106"]
[GameID "266017"]

1. e4 c5 2. Nf3 d6 3. d4 cxd4 4. Nxd4 Nf6 5. Nc3 a6 6. f4 e5 7. Nf3 Nbd7 8. a4 Be7 9. Bd3 O-O 10. O-O Nc5
11. Kh1 exf4 12. Bxf4 Bg4 13. Be3 Rc8 14. Qd2 Re8 15. Nd4 d5 16. e5 Nfe4 17. Bxe4 Nxe4 18. Nxe4 dxe4 19. Rf4 Bh5 20. Rxe4 Bg6
21. Rg4 Bc5 22. c3 Rxe5 23. Rg5 Bxd4 24. Bxd4 Qxg5
0-1

[Event "2011 SC Site Championship, Pre Round, Round 1"]
[Site "SchemingMind.com"]
[Date "2010.11.07"]
[Round "1"]
[White "Spottdrossel"]
[Black "Dreadtower"]
[Result "1-0"]
[WhiteCountry "GER"]
[BlackCountry "ENG"]
[WhiteElo "1952"]
[WhiteRD "76"]
[BlackElo "1806"]
[BlackRD "109"]
[GameID "266018"]

1. c4 c5 2. Nf3 Nf6 3. Nc3 e6 4. g3 b6 5. Bg2 Bb7 6. d4 cxd4 7. Qxd4 Bc5 8. Qd3 Nc6 9. O-O Nb4 10. Qd1 O-O
11. Bf4 Na6 12. Nb5 d5 13. Qa4 Bc6 14. Qxa6 Bxb5 15. Qxb5 Ne4 16. cxd5 Qxd5 17. e3 Nd6 18. Qe2 Rad8 19. Ne5 Ne4 20. Rfd1 Qb7
21. Qc4
1-0

[Event "2011 SC Site Championship, Pre Round, Round 1"]
[Site "SchemingMind.com"]
[Date "2010.11.08"]
[Round "1"]
[White "startstek"]
[Black "maro"]
[Result "1-0"]
[WhiteCountry "ALG"]
[BlackCountry "MEX"]
[WhiteElo "1977"]
[WhiteRD "90"]
[BlackElo "1353"]
[BlackRD "52"]
[GameID "266019"]

1. e4 e5 2. Nf3 d5 3. Nxe5 dxe4 4. d4 exd3 5. Bxd3 Qe7 6. O-O Qf6 7. Nc3 Bd6 8. Nd5 Qd8 9. Re1 Bxe5 10. Rxe5+ Be6
11. Bf4 Nc6 12. Nxc7+ Ke7 13. Rxe6+ fxe6 14. Qe2 Nd4 15. Qe5 Rc8 16. Qxg7#
1-0

[Event "2011 SC Site Championship, Pre Round, Round 1"]
[Site "SchemingMind.com"]
[Date "2010.11.11"]
[Round "1"]
[White "sthorwall"]
[Black "Ashmaster"]
[Result "1-0"]
[WhiteCountry "USA"]
[BlackCountry "IRL"]
[WhiteElo "2216"]
[WhiteRD "98"]
[BlackElo "2059"]
[BlackRD "105"]
[GameID "266020"]

1. e4 e5 2. Nf3 Nc6 3. d4 exd4 4. Nxd4 Bc5 5. Be3 Qf6 6. c3 Nge7 7. Bc4 O-O 8. O-O b6 9. Nxc6 Qxc6 10. Bxc5 Qxc5
11. Qd4 d6 12. Qxc5 bxc5 13. f4 Rb8 14. b3 Bb7 15. Nd2 h6 16. Rad1 Rfd8 17. Rfe1 Kf8 18. Kf2 Bc6 19. Nf3 Bb5 20. Bxb5 Rxb5
21. Ne5 f6 22. Nc4 a6 23. g4 Nc8 24. e5 fxe5 25. fxe5 d5 26. e6 Ke8 27. Ne5 Ne7 28. Nd7 c6 29. Kg3 Nc8 30. Rd2 Nb6
31. Nf8 Nc8 32. Rf2 Ke7 33. Ng6+ Kd6 34. e7 Re8 35. Rf8
1-0

[Event "2011 SC Site Championship, Pre Round, Round 1"]
[Site "SchemingMind.com"]
[Date "2010.11.11"]
[Round "1"]
[White "Tanis"]
[Black "paradox"]
[Result "0-1"]
[WhiteCountry "CHN"]
[BlackCountry "GER"]
[WhiteElo "2042"]
[WhiteRD "81"]
[BlackElo "2132"]
[BlackRD "120"]
[GameID "266021"]

1. e4 e6 2. d3 d5 3. Nf3 dxe4 4. dxe4 Qxd1+ 5. Kxd1 Nf6 6. Nc3 Ng4 7. Ke2 Bc5 8. h3 Nxf2 9. Rh2 f5 10. exf5 exf5
11. Nd5 Kd7 12. Be3 Ne4 13. Ne5+ Ke6 14. Nxc7+ Kxe5 15. Nxa8 Na6 16. Bxc5 Nexc5 17. Kf3 Bd7 18. b4 Bc6+ 19. Kf2 Ne4+ 20. Kg1 Nxb4
21. Nc7 Nxc2 22. Rb1 Rd8 23. Nb5 Ne3 24. Be2 f4 25. Nxa7 Nc3 26. Nxc6+ bxc6 27. Re1 Nxe2+
0-1

[Event "2011 SC Site Championship, Pre Round, Round 1"]
[Site "SchemingMind.com"]
[Date "2010.11.06"]
[Round "1"]
[White "The Capitalist"]
[Black "Wolli"]
[Result "0-1"]
[WhiteCountry "USA"]
[BlackCountry "GER"]
[WhiteElo "1459"]
[WhiteRD "72"]
[BlackElo "1854"]
[BlackRD "92"]
[GameID "266022"]

1. e4 d6 2. d4 Nf6 3. Nc3 g6 4. Nf3 Bg7 5. Be2 O-O 6. O-O Bg4 7. Be3 Nc6 8. Qd2 e5 9. dxe5 dxe5 10. Rad1 Qc8
11. Qc1 Rd8 12. Rxd8+ Nxd8 13. Rd1 Ne6 14. h3 Bxf3 15. Bxf3 c6 16. a3 Qc7 17. Ne2 a5 18. g4 Rd8 19. c3 Bf8 20. Bg5 Nxg5
21. Rxd8 Nxf3+ 22. Kg2 Nh4+ 23. Kg3 Nxe4+ 24. Kxh4 Qxd8+
0-1

[Event "2011 SC Site Championship, Pre Round, Round 1"]
[Site "SchemingMind.com"]
[Date "2010.11.07"]
[Round "1"]
[White "thebirdolux"]
[Black "jballinger44"]
[Result "1-0"]
[WhiteCountry "USA"]
[BlackCountry "USA"]
[WhiteElo "2441"]
[WhiteRD "84"]
[BlackElo "1238"]
[BlackRD "64"]
[GameID "266023"]

1. e4 e5 2. Nf3 Nc6 3. Bb5 Bb4 4. O-O Nd4 5. Nxd4 exd4 6. c3 Bd6 7. e5 Bxe5 8. Re1 c6 9. Bd3 d6 10. cxd4 Nf6
11. dxe5 Ng4 12. exd6+ Be6 13. Qxg4 Qxd6 14. Bc4 O-O 15. Bxe6 Rae8 16. Bxf7+ Kxf7 17. Qh5+ Qg6 18. Qxg6+ hxg6 19. Re3 b5 20. b4 Kg8
21. a4 Rf4 22. Rxe8+ Rf8 23. Rxf8+ Kxf8 24. axb5
1-0

[Event "2011 SC Site Championship, Pre Round, Round 1"]
[Site "SchemingMind.com"]
[Date "2010.11.06"]
[Round "1"]
[White "thefriediceman"]
[Black "BishopVesey"]
[Result "0-1"]
[WhiteCountry "USA"]
[BlackCountry "ENG"]
[WhiteElo "1914"]
[WhiteRD "75"]
[BlackElo "2387"]
[BlackRD "82"]
[GameID "266024"]

1. e4 c6 2. Nf3 d5 3. Nc3 Bg4 4. h3 Bxf3 5. Qxf3 Nf6 6. d3 e6 7. Bd2 d4 8. Ne2 c5 9. c3 Qb6 10. b3 Bd6
11. cxd4 cxd4 12. Rc1 Nc6 13. Nf4 O-O 14. g3 Nb4 15. a4 Rac8 16. Qd1 e5 17. Ng2 Nd7 18. Ke2 Nxd3 19. Kxd3 Rxc1 20. Bxc1 Nc5+
21. Ke2 d3+ 22. Kf3 Nxe4 23. Ne3 Nc3 24. Nd5 Qc6 25. Qe1 Qxd5+
0-1

[Event "2011 SC Site Championship, Pre Round, Round 1"]
[Site "SchemingMind.com"]
[Date "2010.11.06"]
[Round "1"]
[White "tom claxton"]
[Black "soundso"]
[Result "0-1"]
[WhiteCountry "ENG"]
[BlackCountry "USA"]
[WhiteElo "1438"]
[WhiteRD "59"]
[BlackElo "1858"]
[BlackRD "87"]
[GameID "266025"]

1. e4 d5 2. exd5 Qxd5 3. Nc3 Qd6 4. d3 Nf6 5. Nf3 a6 6. Be3 Nc6 7. Be2 Bf5 8. g3 e6 9. O-O O-O-O 10. Qd2 Be7
11. Rad1 Qb4 12. b3 Qa5 13. Nd4 Nxd4 14. Bxd4 Rxd4 15. Na4 Qxd2 16. Rxd2 b5 17. Nb2 Bb4 18. Rdd1 Bh3 19. Rfe1 Bxe1 20. Rxe1 h5
21. c3 Rd5 22. c4 bxc4 23. dxc4 Rd2 24. Nd1 Rxa2 25. Bf3 Bg4 26. Bxg4 hxg4 27. Nc3 Rb2 28. Rb1 Rxb1+ 29. Nxb1 Rd8 30. Kg2 Ne4
31. b4 Rd1 32. Na3 Rd2 33. c5 Rxf2+ 34. Kg1 Ra2 35. Nc4 Ra4 36. Ne5 Rxb4 37. c6 a5 38. Nxf7 a4 39. Kg2 a3 40. Kf1 Rb2
41. Nd6+ cxd6 42. Ke1 a2 43. c7 a1=R#
0-1

[Event "2011 SC Site Championship, Pre Round, Round 1"]
[Site "SchemingMind.com"]
[Date "2010.11.07"]
[Round "1"]
[White "Transcendent"]
[Black "Phillip Beckett"]
[Result "1/2-1/2"]
[WhiteCountry "ENG"]
[BlackCountry "ENG"]
[WhiteElo "1789"]
[WhiteRD "51"]
[BlackElo "1629"]
[BlackRD "53"]
[GameID "266026"]

1. d4 d5 2. c4 e6 3. Nf3 Nf6 4. g3 Be7 5. Bg2 c6 6. O-O O-O 7. Qc2 Nbd7 8. Bd2 dxc4 9. Qxc4 Qc7 10. b4 e5
11. dxe5 Nxe5 12. Nxe5 Qxe5 13. Bc3 Qe6 14. Qxe6 Bxe6 15. Nd2 Rfd8 16. Nf3 Bc4 17. Nh4 Bf8 18. Bxf6 gxf6 19. Rfe1 Bxb4 20. Rec1 Ba6
21. e3 Rd2 22. Nf3 Rb2 23. a3 Bd2 24. Nxd2 Rxd2 25. Bxc6 bxc6 26. Rxc6 Be2 27. Rxf6=
1/2-1/2

[Event "2011 SC Site Championship, Pre Round, Round 1"]
[Site "SchemingMind.com"]
[Date "2010.11.09"]
[Round "1"]
[White "Tumbleweed"]
[Black "Baeron"]
[Result "0-1"]
[WhiteCountry "ENG"]
[BlackCountry "SUI"]
[WhiteElo "1319"]
[WhiteRD "107"]
[BlackElo "2061"]
[BlackRD "98"]
[GameID "266027"]

1. d4 Nf6 2. Nc3 e6 3. Qd3 d5 4. Bg5 Be7 5. Nf3 b6 6. e4 Ba6 7. Qe3 Bxf1 8. Rxf1 dxe4 9. Nxe4 Nbd7 10. O-O-O O-O
11. h4 Nxe4 12. Bxe7 Qxe7 13. Qxe4 Nf6 14. Qf4 c5 15. dxc5 Qxc5 16. g4 Rac8 17. Rd2 Nd5 18. Qd4 Qb5 19. Re1 Rc4 20. Qd3 Nb4
21. Qb3 a5 22. a4 Qc5 23. Ne5 Rd4 24. f3 Rxd2 25. Kxd2 Qf2+ 26. Kd1 Rd8+ 27. Nd3 Qxf3+ 28. Kd2 Qxg4 29. c3 Rxd3+ 30. Kc1 Qg2
31. Kb1 Qd5 32. Qd1 Rxd1+ 33. Rxd1 Qxd1#
0-1

[Event "2011 SC Site Championship, Pre Round, Round 1"]
[Site "SchemingMind.com"]
[Date "2010.11.06"]
[Round "1"]
[White "tyler_ensor"]
[Black "Orange Lion"]
[Result "0-1"]
[WhiteCountry "CAN"]
[BlackCountry "NED"]
[WhiteElo "1847"]
[WhiteRD "68"]
[BlackElo "2410"]
[BlackRD "84"]
[GameID "266028"]

1. d4 Nf6 2. c4 e6 3. Nc3 Bb4 4. e3 O-O 5. Bd3 d5 6. Nf3 c5 7. O-O Nc6 8. a3 Bxc3 9. bxc3 Qc7 10. cxd5 exd5
11. a4 Re8 12. Ba3 c4 13. Bc2 Ne4 14. Bxe4 Rxe4 15. Qc2 Bf5 16. h3 Qd7 17. Qe2 Re6 18. Ne1 Na5 19. g4 Bg6 20. f4 Be4
21. f5 Ra6 22. Bb4 Nb3 23. Rd1 Qc7 24. Qf2 Rxa4 25. g5 a5 26. Bc5 b6 27. Bxb6 Qxb6 28. f6 gxf6 29. gxf6 Kh8 30. Nf3 Rg8+
31. Kh1 Qb8 32. Rg1 Ra2 33. Rxg8+ Qxg8
0-1

[Event "2011 SC Site Championship, Pre Round, Round 1"]
[Site "SchemingMind.com"]
[Date "2010.11.07"]
[Round "1"]
[White "Ursus"]
[Black "Milan"]
[Result "0-1"]
[WhiteCountry "INT"]
[BlackCountry "CZE"]
[WhiteElo "1722"]
[WhiteRD "95"]
[BlackElo "1850"]
[BlackRD "69"]
[GameID "266029"]

1. e4 c6 2. d4 d5 3. e5 Bf5 4. Nc3 e6 5. g4 Bg6 6. Nge2 c5 7. h4 h6 8. f4 a6 9. Ng3 Nc6 10. Be3 cxd4
11. Bxd4 Nxd4 12. Qxd4 Ne7 13. Bh3 Bxc2 14. Rc1 Nc6 15. Qd2 Bh7 16. a3 Qxh4 17. Qe3 d4 18. Qf2 dxc3 19. Rxc3 Qd8 20. O-O Rc8
21. Qe2 Nd4 22. Qd2 Rxc3 23. Qxc3 Nb5 24. Qf3 Bc5+ 25. Kh2 Qd2+ 26. Bg2 O-O 27. Rd1 Qxb2 28. Qxb7 Qxa3 29. f5 exf5 30. gxf5 Bf2
31. Ne4 Bd4 32. e6 fxe6 33. fxe6 Be5+ 34. Kh1 Bxe4 35. Qxe4 Qg3
0-1

[Event "2011 SC Site Championship, Pre Round, Round 1"]
[Site "SchemingMind.com"]
[Date "2010.11.10"]
[Round "1"]
[White "Uzi Mike"]
[Black "cleverman"]
[Result "1-0"]
[WhiteCountry "USA"]
[BlackCountry "USA"]
[WhiteElo "2289"]
[WhiteRD "74"]
[BlackElo "1744"]
[BlackRD "115"]
[GameID "266030"]

1. d4 d5 2. c4 Nf6 3. cxd5 Nxd5 4. e4 Nb6 5. Nf3 Bg4 6. Nbd2 e5 7. dxe5 N8d7 8. Be2 Bxf3 9. Nxf3 Bb4+ 10. Kf1 O-O
11. Qc2 Re8 12. a3 Bf8 13. Bf4 g6 14. Rd1 Qc8 15. h4 h5 16. a4 Rb8 17. a5 Na8 18. Bb5 Rd8 19. e6 fxe6 20. e5 c6
21. Qxg6+
1-0